Sermons in Tagala, (Record no. 43722)

MARC details
000 -LEADER
fixed length control field 00967cpcaa2200277 a 4500
001 - CONTROL NUMBER
control field mm 82076226
003 - CONTROL NUMBER IDENTIFIER
control field DLC
005 - DATE AND TIME OF LATEST TRANSACTION
control field 20260227111716.0
008 - FIXED-LENGTH DATA ELEMENTS--GENERAL INFORMATION
fixed length control field 821220|||||||||||| tgl
010 ## - LIBRARY OF CONGRESS CONTROL NUMBER
LC control number mm 82076226
040 ## - CATALOGING SOURCE
Original cataloging agency DLC
Transcribing agency DLC
Description conventions dacs
Modifying agency DLC
072 #7 - SUBJECT CATEGORY CODE
Subject category code H
Source lcmd
245 00 - TITLE STATEMENT
Title Sermons in Tagala,
Inclusive dates undated.
300 ## - PHYSICAL DESCRIPTION
Extent 2
Type of unit volumes.
300 ## - PHYSICAL DESCRIPTION
Extent 2
Type of unit containers.
300 ## - PHYSICAL DESCRIPTION
Extent 1
Type of unit microfilm reel.
506 0# - RESTRICTIONS ON ACCESS NOTE
Terms governing access Open to research.
530 ## - ADDITIONAL PHYSICAL FORM AVAILABLE NOTE
Additional physical form available note Microfilm edition available,
Order number no. 22,251.
533 ## - REPRODUCTION NOTE
Type of reproduction Microfilm produced from originals in Manuscript Division.
Place of reproduction Washington, D.C. :
Agency responsible for reproduction Library of Congress Photoduplication Service,
Date of reproduction 2001.
546 ## - LANGUAGE NOTE
Language note Collection material in Tagala.
650 #0 - SUBJECT ADDED ENTRY--TOPICAL TERM
Topical term or geographic name entry element Sermons.
650 #0 - SUBJECT ADDED ENTRY--TOPICAL TERM
Topical term or geographic name entry element Tagalog (Philippine people)
651 #0 - SUBJECT ADDED ENTRY--GEOGRAPHIC NAME
Geographic name Philippines
General subdivision Church history.

No items available.

Powered by Koha